000 00940nas a2200313 4500
001 BR2013008595
003 BR-BrBNA
005 20231205123131.0
007 ta
008 230509b bl.|||p| |||| 00| 00por d
040 _aBR-BrBNA
_bpor
_cBiblioteca Nacional de Agricultura
041 _a(Pt)
072 _aM12
100 1 _aRossato, S.
100 1 _aPretto, A.
100 1 _aFreitas, I.L. de
100 1 _aBattisti, E.K.
100 1 _aLazzari, R.
100 1 _aRadünz Neto, J.
245 1 _aIncorporação de farinhas de resíduos de jundiá na dieta: bioquímica plasmática, parâmetros hepáticos e digestivos
650 _aBAGRE
650 _aJUNDIÁ
650 _aDIETA
650 _aFARINHA DE PEIXE
650 _aATIVIDADE ENZÍMICA
773 0 _tCiência Rural (Brazil)
_xISSN 0103-8478
_g(Jun 2013), v. 43(6) p. 1063-1069
_wBR2013008595
909 _a202311
_bLúcia
_c55
_dLúcia Elande
942 _2AGRIS
_n0
_cANA
999 _c232341
_d232341